| 000 | 00456nam a2200157 4500 | ||
|---|---|---|---|
| 001 | 121795 | ||
| 003 | ES-MaACL | ||
| 007 | t| | ||
| 008 | 070214s1918 sp r ||||1| gao d | ||
| 100 | 1 |
_aPorto Rey, Farruco. _993288 |
|
| 245 | 1 | 0 |
_aFermosinda / _cFarruco Porto Rey ; prolego de Gonzálo Albarrán. |
| 260 |
_aArosa : _bEco de Arosa, _c1918. |
||
| 300 |
_a206 p. : _bil. ; _c16 cm. |
||
| 700 | 1 |
_aAlbarrán, Gonzálo. _919243 |
|
| 852 |
_aES-MaACL _jG-336 |
||
| 999 |
_c121795 _d121795 |
||